000 00689nam a22002177a 4500
999 _c14707
_d14707
003 AR-CdUCM
008 190327b ||||| |||| 00| 0 eng d
020 _a978-607-735-081-8
040 _aMUNICIPALIDAD PROVINCIAL DEL CUSCO
_cBIBLIOTECA MUNICIPAL DEL CUSCO
082 _aEP / 808.06 /
_bOW94
100 _aOwen, Laura
_933572
245 _aWinnie tiene piojos /
260 _aEspaña :
_bOceano Travesía,
_c2015.
300 _bilustraciones a color,
_c21 cm.
_a95 páginas ;
505 _aContenido :Winnie tiene piojos.
650 _aLibro Ilustrado
_924944
650 _aLibro infantil
_924945
700 _aKorky Paul
_933573
942 _2ddc
_cLIBROS
945 _arum
_d2019-04-24